PYORRHOEA ALVEOLARIS U MLADŠÍCH PACIENTŮ

Bibliographic Details
Main Author: Mach, Adolf, 1869-1947 (Author)
Format: Article
Language:Czech

MARC

LEADER 00000nab a2200000ua 4500
001 vtls010802094
003 SK-MaSNL
005 20260303215730.0
008 230214u19251926xo |||||||||||||||||cze|
035 |a (urnnbn)urn:nbn:sk:snk:ar-a037xu 
035 |a (uuid)92872b5e-91fe-4f7a-b5b2-773e2197d1be 
035 |a urn:nbn:sk:snk-ab54j8 
040 |a SNKBUCL  |b slo  |c SNKBUCL  |e AACR2 
041 0 |a cze 
044 |a xo  |c SK 
100 1 |a Mach, Adolf,  |d 1869-1947  |4 aut  |9 242459 
245 1 0 |a PYORRHOEA ALVEOLARIS U MLADŠÍCH PACIENTŮ  |c Adolf Mach 
773 0 |t Bratislavské lekárske listy  |g Roč. 5, č. 8 (1925-1926), s. [577]-582 
954 |a odborná, vedecká literatúra cudzojazyčná (svetová)  |2 lita 
958 |a ONDV 
958 |a article3 
999 |c 2222982  |d 2224912